Pokémon Moves- Fairy Type - Statistics

General Stats
  • This quiz has been taken 214 times
  • The average score is 21 of 33
Answer Stats
Hint Answer % Correct
VI Dazzling Gleam
95%
VI Moonblast
94%
VI Play Rough
94%
II Charm
92%
VI Fairy Wind
90%
VI Draining Kiss
79%
VI Baby-Doll Eyes
78%
VI Geomancy
76%
Vi Fairy Lock
75%
VIII Max Starfall
73%
II Moonlight
71%
VII Twinkle Tackle
71%
VI Disarming Voice
67%
II Sweet Kiss
65%
VII Fleur Cannon
63%
VI Crafty Shield
62%
VI Misty Terrain
62%
VIII Decorate
60%
VII Guardian of Alola
60%
VII Let's Snuggle Forever
59%
VIII G-Max Finale
57%
VIII Spirit Break
56%
VIII G-Max Smite
54%
VI Light of Ruin
54%
VIII Springtide Storm
54%
VII Floral Healing
52%
VII Nature's Madness
52%
VI Flower Shield
51%
VIII Misty Explosion
48%
VII Sparkly Swirl
48%
VI Aromatic Mist
46%
VIII Strange Steam
41%
IX Magical Torque
38%
No matching quizzes found
Score Distribution
Percent of People with Each Score
Percentile by Number Answered
Your Score History
You have not taken this quiz